00365pab a2200133 454500008004000000100001800040245007300058260000900131300001500140362001100155650002100166650002400187773002000211180718b2004 xxu||||| |||| 00| 0 eng d aTikku, Nirmal aTraining activities in the area of nutrition and health: an analysis c2004 ap.9-11,20. a19 Apr aHealth education aNutrition education aUniversity News